000 00594nam a22001817a 4500
005 20240110092448.0
008 240110b |||||||| |||| 00| 0 eng d
020 _a0702129283
041 _aEnglish
082 _a346.7 CAN
100 _aForsyth, CF and Pretorius, JT
_lEnglish
245 _acaney's The Law of Suretyship in South Africa /
_cCF Forsyth and JT Pretorius
250 _aFourth Edition
260 _aCape Town :
_bJuta and Company Ltd,
_c1992
300 _bxxi, 216 pages ;
_c25,5 cm.
650 _aLegal practice
_bLaw
942 _cBK
_6ALISON_BN_VRIES
999 _c1214
_d1214